00465 a2200169 450000500170000001000130001702000260003003500130005603700180006908200080008710000190009524501000011426000270021427000100024130000220025170000220027320241202142807.0 aB-761309 a9789364686334c270.00 aB-761309 bGift/28.11.24 a510 aGanguly, Piali aS. Chand's Speed Solver 3;bA Practice Book on Mental Maths/cPiali Ganguly and Deepak Giananey aU.P.bS. Chand'sc2023 aU. P. a107 p.c27cm (Pb) aGiananey, Deepak